| 000 | 01072aam a2200409a 44500 | ||
|---|---|---|---|
| 008 | 990629s1999 cat | ||
| 017 | _aV-1222-1999 | ||
| 020 | _a8492063556 | ||
| 041 | _acat | ||
| 041 | _bspa | ||
| 080 | _a662.1(038) | ||
| 100 |
_aPérez i Marco, A. _968701 |
||
| 245 | _aVocabulari de pirotècnia i de "la Cordâ" de Paterna | ||
| 245 | _cAlbert Pérez i Marco | ||
| 260 | _aPaterna | ||
| 260 | _bAjuntament de Paterna. Oficina Municipal de l'Ús del Valencià | ||
| 260 | _c1999 | ||
| 300 |
_a127 p. _bil. _c21 cm |
||
| 500 | _aBibliografia | ||
| 500 | _aCategoria gramatical, exemples | ||
| 520 | _aaprox. 250 | ||
| 546 | _acatalà | ||
| 591 | _a5191 | ||
| 592 | _aObra terminològica | ||
| 593 | _aIO | ||
| 593 | _aOS | ||
| 594 | _a5191 | ||
| 650 |
_acostums i tradicions _961439 |
||
| 650 |
_afocs artificials _964904 |
||
| 650 |
_apirotècnia _961831 |
||
| 901 | _cDL <1999> | ||
| 902 | _a990629 | ||
| 942 |
_cMO _n0 |
||
| 999 |
_c57844 _d57844 |
||